Statistics for Countries by population

Click here to take the quiz!

General Stats

  • This quiz has been taken 14 times
  • The average score is 11 of 15

Answer Stats

PopulationContinentCountry% Correct
217 240 920South AmericaBrazil
100%
129 150 120North AmericaMexico
100%
68 305 620EuropeFrance
92%
67 791 400EuropeUnited Kingdom
92%
107 770 093AfricaEgypt
85%
38 014 670EuropePoland
85%
124 214 560AsiaJapan
77%
5 053 220OceaniaNew Zealand
77%
32 275 640South AmericaPeru
77%
357 604EuropeIceland
69%
6 301 290North AmericaNicaragua
62%
43 528 230EuropeUkraine
62%
10 242 081EuropePortugal
54%
63 852 810AfricaTanzania
54%
2 508 182AsiaQatar
46%

Score Distribution

Percentile by Number Answered

Percent of People with Each Score

Your Score History

You have not taken this quiz